Fragmentos de una ciudad que empieza a dormir / (Registro nro. 11296)

Detalles MARC
000 -LEADER
fixed length control field 01014nam a2200301 4500
001 - CONTROL NUMBER
control field 0000031105
003 - CONTROL NUMBER IDENTIFIER
control field CO-CtgCURN
005 - DATE AND TIME OF LATEST TRANSACTION
control field 20250329191022.0
007 - PHYSICAL DESCRIPTION FIXED FIELD--GENERAL INFORMATION
fixed length control field ta
008 - FIXED-LENGTH DATA ELEMENTS--GENERAL INFORMATION
fixed length control field 160708s2007 000 0 eng d
020 ## - INTERNATIONAL STANDARD BOOK NUMBER
International Standard Book Number 9789589812709
040 ## - CATALOGING SOURCE
Original cataloging agency CO-CtgCURN
Language of cataloging spa
Transcribing agency coctgcurn
082 0# - DEWEY DECIMAL CLASSIFICATION NUMBER
Classification number Co861
Item number U72f
100 1# - MAIN ENTRY--PERSONAL NAME
Personal name Urango Ospina, Juan Carlos.
245 10 - TITLE STATEMENT
Title Fragmentos de una ciudad que empieza a dormir /
Statement of responsibility, etc. Juan Carlos Urango Ospina.
260 ## - PUBLICATION, DISTRIBUTION, ETC.
Place of publication, distribution, etc. Cartagena de Indias :
Name of publisher, distributor, etc. Universidad de Cartagena,
Date of publication, distribution, etc. 2007.
300 ## - PHYSICAL DESCRIPTION
Extent 60 p.
336 ## - CONTENT TYPE
Source rdacontent
337 ## - MEDIA TYPE
Source rdamedia
Media type term sin mediacion
Media type code n
338 ## - CARRIER TYPE
Source rdacarrier
Carrier type term volumen
Carrier type code nc
505 8# - FORMATTED CONTENTS NOTE
Formatted contents note 505Poesias.--Lamentaciones frente al espejo.--Fragmentos de una ciudad que empieza a dormir
650 14 - SUBJECT ADDED ENTRY--TOPICAL TERM
Topical term or geographic name entry element Poesia Colombiana.
650 14 - SUBJECT ADDED ENTRY--TOPICAL TERM
Topical term or geographic name entry element Literatura Colombiana.
730 0# - ADDED ENTRY--UNIFORM TITLE
Uniform title Bolivar-Bibliografia regional.
908 ## - PUT COMMAND PARAMETER (RLIN)
Put command parameter 160708
942 ## - ADDED ENTRY ELEMENTS (KOHA)
Koha item type Libros
Classification part Co861
Item part U72f
Source of classification or shelving scheme Dewey Decimal Classification
Existencias
Withdrawn status Lost status Source of classification or shelving scheme Damaged status Not for loan Collection Home library Current library Shelving location Date acquired Inventory number Total checkouts Full call number Barcode Date last seen Price effective from Koha item type Public note
    Dewey Decimal Classification     General Miguel Henríquez Castañeda Miguel Henríquez Castañeda General 03/29/2025 012237   861 U72f 012237 03/29/2025 03/29/2025 Libros 860-LITEP